Statistics for Groups of Things-80s Movies

Click here to take the quiz!

General Stats

  • This quiz has been taken 306 times
    (259 since last reset)
  • The average score is 8 of 24

Answer Stats

Hint Ghostbusters % Correct
1955
77%
Years Marty McFly Travelled to2015
77%
1885
55%
Star Wars: Episode V-Empire Strikes Back
48%
Star Wars: Episode VI-Return of the Jedi
48%
Peter Venkman
41%
Egon Spengler
40%
Chunk
39%
GhostbustersRay Stantz
38%
Dont Feed After Midnight
36%
E.T. the Extra Terrestrial
35%
Raiders of the lost Ark
34%
Breakfast ClubJohn Bender
32%
Claire Standish
30%
Data
25%
Mouth
24%
Goonies (Originals)Mikey
23%
Brian Johnson
23%
Avoid Water
23%
Winston Zeddemore
19%
Andrew Clarke
19%
Allison Reynolds
15%
Avoid Bright Light
12%
Batman
7%

Score Distribution

Percentile by Number Answered

Percent of People with Each Score

Your Score History

You have not taken this quiz since the last reset